| 000 | 00716nam a2200205Ia 4500 | ||
|---|---|---|---|
| 005 | 20250508165923.0 | ||
| 008 | 008 250505s9999 xx 000 0 eng d | ||
| 037 | _aTextual | ||
| 040 |
_aFEDL _beng _cFEDL |
||
| 041 |
_aeng _2eng |
||
| 084 |
_a379.121 2, MEH _qFEDL |
||
| 100 | _aMehrotra Santosh Ed. | ||
| 245 | 0 | _aEconomics of elementary education in India: The challenge of public finance, private provision and household costs | |
| 260 |
_aNew Delhi, India _bSage Publications India Pvt Ltd _c2006 |
||
| 300 | _a328P. | ||
| 365 |
_aINR _b640 |
||
| 546 | _aGifted by HOD Namita Ranganathan in memory of Prof. Arvind Gaysu | ||
| 942 |
_cTEXL _h379.121 2, MEH |
||
| 999 |
_c1398192 _d1398192 |
||